INSTRUMENTS OPERATION DRUGS IN OBST. & GYNE. (Record no. 14934)

MARC details
000 -LEADER
fixed length control field 00280nam a22001217a 4500
003 - CONTROL NUMBER IDENTIFIER
control field SGT
082 ## - DEWEY DECIMAL CLASSIFICATION NUMBER
Classification number 618.1
Item number I14P
100 ## - MAIN ENTRY--PERSONAL NAME
Personal name PATIL, RASHMI
245 ## - TITLE STATEMENT
Title INSTRUMENTS OPERATION DRUGS IN OBST. & GYNE.
260 ## - PUBLICATION, DISTRIBUTION, ETC. (IMPRINT)
Place of publication, distribution, etc INDIA
Name of publisher, distributor, etc VORA PUB.
Year of Publication 2014
300 ## - PAGE DESCRIPTION
No. of Pages 233
942 ## - ADDED ENTRY ELEMENTS (KOHA)
Source of classification or shelving scheme Dewey Decimal Classification
Koha item type Books
942 ## - ADDED ENTRY ELEMENTS (KOHA)
-- 9
Holdings
Withdrawn status Lost status Source of classification or shelving scheme Damaged status Not for loan Collection code Home library Current library Date acquired SGTU Total Checkouts Full call number Accession No. (Barcode) Date last seen Date last borrowed Bill Date Koha item type
    Dewey Decimal Classification     MEDICAL SGT Medical Library SGT Medical Library 31/01/2018 SGTU 10 618.1 I14P FM9804 02/01/2024 16/12/2023 31/01/2018 Books